Pollock & Mulla the Sale of Goods Act / (Record no. 97753)

MARC details
000 -LEADER
fixed length control field 00710nam a22002057a 4500
005 - DATE AND TIME OF LATEST TRANSACTION
control field 20151203141719.0
010 ## - LCCN (DPL NO)
LC control number ENG-114279
020 ## - INTERNATIONAL STANDARD BOOK NUMBER
Terms of availability 995.00
International Standard Book Number 9789351432388
035 ## - SYSTEM CONTROL NUMBER
System control number EN-97811
037 ## - SOURCE OF ACQUISITION
Source of stock number/acquisition DBAD/PUB
082 ## - DEWEY DECIMAL CLASSIFICATION NUMBER
Classification number 346.54072
245 ## - TITLE STATEMENT
Title Pollock & Mulla the Sale of Goods Act /
Statement of responsibility, etc by Fredrick Pollock [and] Dinshaw Fardunji Mulla ; revised by Akshay Sapre ; foreworded by d.M. Dharmadhikari
250 ## - EDITION STATEMENT
Edition statement 9th ed
260 ## - PUBLICATION, DISTRIBUTION, ETC. (IMPRINT)
Place of publication, distribution, etc Gurgaon
Name of publisher, distributor, etc LexisNexis
Date of publication, distribution, etc 2014
270 ## - ADDRESS
Address 14th Floor, Building No.10, Tower-B, DLF Cyber City, Phase II
City Gurgaon
Postal code 122002
300 ## - PHYSICAL DESCRIPTION
Extent xci,488p.
Dimensions 25cm(Hb)
500 ## - GENERAL NOTE
General note Includes index
700 ## - ADDED ENTRY--PERSONAL NAME
Personal name Sapre, Akshy
942 ## - ADDED ENTRY ELEMENTS (KOHA)
Source of classification or shelving scheme Dewey Decimal Classification
Item type English Books
Call number suffix POL
Classification part 346.54072
Holdings
Withdrawn status Lost status Not for loan Collection code Home library Current library Date acquired Source of acquisition Cost, normal purchase price Full call number Barcode Copy number Cost, replacement price Koha item type
    Not For Loan Non-fiction D.B.Act.Division D.B.Act.Division 13/10/2015 DBAD/PUB 995.00 346.54072 POL EN-97811 1 995.00 English Books

© Delhi Public Library
Hit Counter
free hit counter